<?xml version="1.0" encoding="UTF-8"?>
<record
    xmlns:xsi="http://www.w3.org/2001/XMLSchema-instance"
    xsi:schemaLocation="http://www.loc.gov/MARC21/slim http://www.loc.gov/standards/marcxml/schema/MARC21slim.xsd"
    xmlns="http://www.loc.gov/MARC21/slim">

  <leader>00704cam a22002534a 4500</leader>
  <datafield tag="999" ind1=" " ind2=" ">
    <subfield code="c">29297</subfield>
    <subfield code="d">29297</subfield>
  </datafield>
  <controlfield tag="001">YPZ100061</controlfield>
  <controlfield tag="003">YPZ</controlfield>
  <controlfield tag="005">20230321121743.0</controlfield>
  <controlfield tag="008">160520|###########||||||b||||||||||spa|d</controlfield>
  <datafield tag="020" ind1=" " ind2=" ">
    <subfield code="a">9500000660</subfield>
  </datafield>
  <datafield tag="040" ind1=" " ind2=" ">
    <subfield code="c">SIUNPA</subfield>
    <subfield code="a">SIUNPA</subfield>
    <subfield code="b">spa</subfield>
    <subfield code="e">AACR2</subfield>
  </datafield>
  <datafield tag="041" ind1=" " ind2=" ">
    <subfield code="a">spa</subfield>
  </datafield>
  <datafield tag="044" ind1=" " ind2=" ">
    <subfield code="a">ag</subfield>
  </datafield>
  <datafield tag="080" ind1=" " ind2=" ">
    <subfield code="a">372 A691c primer</subfield>
  </datafield>
  <datafield tag="110" ind1=" " ind2=" ">
    <subfield code="a">Argentina. Ministerio de Cultura y Educaci&#xF3;n.</subfield>
  </datafield>
  <datafield tag="245" ind1=" " ind2=" ">
    <subfield code="a">Los CBC en la escuela</subfield>
    <subfield code="b">: primer ciclo</subfield>
  </datafield>
  <datafield tag="250" ind1=" " ind2=" ">
    <subfield code="a">1a. ed.</subfield>
  </datafield>
  <datafield tag="260" ind1=" " ind2=" ">
    <subfield code="a">Buenos Aires</subfield>
    <subfield code="b"> : Ministerio de Cultura y Educaci&#xF3;n de la Naci&#xF3;n</subfield>
    <subfield code="c"> , 1996</subfield>
  </datafield>
  <datafield tag="300" ind1=" " ind2=" ">
    <subfield code="a">185 p. :</subfield>
    <subfield code="b">il.</subfield>
  </datafield>
  <datafield tag="650" ind1=" " ind2=" ">
    <subfield code="a"> CONTENIDOS BASICOS COMUNES</subfield>
  </datafield>
  <datafield tag="650" ind1=" " ind2=" ">
    <subfield code="a"> DISE&#xD1;O CURRICULAR</subfield>
  </datafield>
  <datafield tag="650" ind1=" " ind2=" ">
    <subfield code="a"> EGB</subfield>
  </datafield>
  <datafield tag="942" ind1=" " ind2=" ">
    <subfield code="c">BK</subfield>
    <subfield code="2">udc</subfield>
  </datafield>
  <datafield tag="952" ind1=" " ind2=" ">
    <subfield code="0">0</subfield>
    <subfield code="1">0</subfield>
    <subfield code="2">udc</subfield>
    <subfield code="4">0</subfield>
    <subfield code="7">0</subfield>
    <subfield code="8">CG</subfield>
    <subfield code="a">BIB_RECT</subfield>
    <subfield code="b">BIB_UACO</subfield>
    <subfield code="d">2016-05-11</subfield>
    <subfield code="e">Migraci&#xF3;n UACO</subfield>
    <subfield code="g">50.00</subfield>
    <subfield code="i">02-04376</subfield>
    <subfield code="o">372 A691c primer</subfield>
    <subfield code="p">02-04376</subfield>
    <subfield code="r">2019-04-03</subfield>
    <subfield code="t">ej.1</subfield>
    <subfield code="v">50.00</subfield>
    <subfield code="w">2019-04-03</subfield>
    <subfield code="y">BK</subfield>
  </datafield>
  <datafield tag="952" ind1=" " ind2=" ">
    <subfield code="0">0</subfield>
    <subfield code="1">0</subfield>
    <subfield code="2">udc</subfield>
    <subfield code="4">0</subfield>
    <subfield code="7">0</subfield>
    <subfield code="8">CG</subfield>
    <subfield code="a">BIB_RECT</subfield>
    <subfield code="b">BIB_UACO</subfield>
    <subfield code="d">2016-05-11</subfield>
    <subfield code="e">Migraci&#xF3;n UACO</subfield>
    <subfield code="g">50.00</subfield>
    <subfield code="i">02-04377</subfield>
    <subfield code="o">372 A691c primer</subfield>
    <subfield code="p">02-04377</subfield>
    <subfield code="r">2019-04-03</subfield>
    <subfield code="t">ej.2</subfield>
    <subfield code="v">50.00</subfield>
    <subfield code="w">2019-04-03</subfield>
    <subfield code="y">BK</subfield>
  </datafield>
  <datafield tag="952" ind1=" " ind2=" ">
    <subfield code="0">0</subfield>
    <subfield code="1">0</subfield>
    <subfield code="2">udc</subfield>
    <subfield code="4">0</subfield>
    <subfield code="7">0</subfield>
    <subfield code="8">CG</subfield>
    <subfield code="a">BIB_RECT</subfield>
    <subfield code="b">BIB_UACO</subfield>
    <subfield code="d">2016-05-11</subfield>
    <subfield code="e">Migraci&#xF3;n UACO</subfield>
    <subfield code="g">50.00</subfield>
    <subfield code="i">02-04378</subfield>
    <subfield code="o">372 A691c primer</subfield>
    <subfield code="p">02-04378</subfield>
    <subfield code="r">2019-04-03</subfield>
    <subfield code="t">ej.3</subfield>
    <subfield code="v">50.00</subfield>
    <subfield code="w">2019-04-03</subfield>
    <subfield code="y">BK</subfield>
  </datafield>
  <datafield tag="952" ind1=" " ind2=" ">
    <subfield code="0">0</subfield>
    <subfield code="1">0</subfield>
    <subfield code="2">udc</subfield>
    <subfield code="4">0</subfield>
    <subfield code="7">0</subfield>
    <subfield code="8">CG</subfield>
    <subfield code="a">BIB_RECT</subfield>
    <subfield code="b">BIB_UACO</subfield>
    <subfield code="d">2016-05-11</subfield>
    <subfield code="e">Migraci&#xF3;n UACO</subfield>
    <subfield code="g">50.00</subfield>
    <subfield code="i">02-04379</subfield>
    <subfield code="o">372 A691c primer</subfield>
    <subfield code="p">02-04379</subfield>
    <subfield code="r">2019-04-03</subfield>
    <subfield code="t">ej.4</subfield>
    <subfield code="v">50.00</subfield>
    <subfield code="w">2019-04-03</subfield>
    <subfield code="y">BK</subfield>
  </datafield>
  <datafield tag="952" ind1=" " ind2=" ">
    <subfield code="0">0</subfield>
    <subfield code="1">0</subfield>
    <subfield code="2">udc</subfield>
    <subfield code="4">0</subfield>
    <subfield code="7">0</subfield>
    <subfield code="8">CG</subfield>
    <subfield code="a">BIB_RECT</subfield>
    <subfield code="b">BIB_UACO</subfield>
    <subfield code="d">2016-05-11</subfield>
    <subfield code="e">Migraci&#xF3;n UACO</subfield>
    <subfield code="g">50.00</subfield>
    <subfield code="i">02-04380</subfield>
    <subfield code="o">372 A691c primer</subfield>
    <subfield code="p">02-04380</subfield>
    <subfield code="r">2019-04-03</subfield>
    <subfield code="t">ej.5</subfield>
    <subfield code="v">50.00</subfield>
    <subfield code="w">2019-04-03</subfield>
    <subfield code="y">BK</subfield>
  </datafield>
  <datafield tag="952" ind1=" " ind2=" ">
    <subfield code="0">0</subfield>
    <subfield code="1">0</subfield>
    <subfield code="2">udc</subfield>
    <subfield code="4">0</subfield>
    <subfield code="7">0</subfield>
    <subfield code="8">CG</subfield>
    <subfield code="a">BIB_RECT</subfield>
    <subfield code="b">BIB_UASJ</subfield>
    <subfield code="d">2016-05-11</subfield>
    <subfield code="e">Donaci&#xF3;n</subfield>
    <subfield code="g">50.00</subfield>
    <subfield code="i">04-47936</subfield>
    <subfield code="o">372 A691c primer</subfield>
    <subfield code="p">04-47936</subfield>
    <subfield code="r">2019-04-03</subfield>
    <subfield code="v">50.00</subfield>
    <subfield code="w">2019-04-03</subfield>
    <subfield code="y">BK</subfield>
  </datafield>
</record>
